Der Schriftsteller Johannes Freumbichler 1881-1949 Leben und Werk von Thomas Bernhards Großvater

Podrobná bibliografia
Hlavný autor: Judex, Bernhard, 1969- (Autor)
Médium: Kniha
Jazyk:nemčina
Fyzický popis:331 s. ilustr. 25 cm
Vydavateľské údaje: Wien Böhlau c2006
ISBN:3205775317
9783205775317
Edícia:Literatur und Leben
Predmet:

MARC

LEADER 00000nam a2200000 a 4500
001 vtls009295220
003 SK-MaSNL
005 20260506222800.0
008 251029s2006 au a g h 001 0bger
020 |a 3205775317  |q (brož.) 
020 |a 9783205775317  |q (brož.) 
040 |a SNK  |b slo  |c SNK  |e AACR2 
041 0 |a ger 
044 |a au  |a gw  |c AT  |c DE 
072 7 |a 821.112.2.09  |x Nemecká literatúra, nemecky písaná (o nej)  |2 konspekt 
072 7 |a 929  |x Biografie  |2 konspekt 
080 |a 929  |2 2001 
080 |a 821.112.2(436)-051  |2 2001 
080 |a 821.112.2(436)  |2 2001 
080 |a (092)  |2 2001 
100 1 |a Judex, Bernhard,  |d 1969-  |4 aut  |9 475496 
245 1 4 |a Der Schriftsteller Johannes Freumbichler 1881-1949  |b Leben und Werk von Thomas Bernhards Großvater  |c Bernhard Judex 
260 |a Wien  |b Böhlau  |c c2006 
300 |a 331 s.  |b ilustr.  |c 25 cm 
490 1 |a Literatur und Leben  |v Bd. 69 
504 |a Obsahuje bibliogr. a reg. 
600 1 7 |a Freumbichler, Johannes,  |d 1881-1949  |2 SNKMA  |9 475497 
600 1 7 |a Bernhard, Thomas,  |d 1931-1989  |2 SNKMA  |9 1636823 
648 7 |a 1881-1949  |2 SNKPH  |9 475498 
650 0 7 |a rakúski spisovatelia  |y 19.-20. stor.  |2 SNKPH  |9 475499 
650 0 7 |a rakúski spisovatelia  |x partnerské a rodinné vzťahy  |2 SNKPH  |9 475500 
650 0 7 |a rakúska literatúra  |y 20. stor.  |2 SNKPH  |9 475501 
655 7 |a biografie  |2 SNKPH  |9 27965 
830 0 |a Literatur und Leben  |9 475502 
919 |a 3-205-77531-7 
919 |a 978-3-205-77531-7 
999 |c 742559  |d 744489 
952 |a SNK  |b SNK  |y VYP  |7 0  |p 17A0590292  |o snkIC 136646  |i snk2008/12449  |8 2  |g 31.73  |0 0  |1 0  |4 0  |d 2008-05-19  |l 0  |r 2026-02-23 23:05:01  |w 2026-02-23